LEADER 01090nam0 2200289 i 450 001 SUN0029391 005 20180418030457.923 010 $a978-88-08-04376-4$d0.00 100 $a20041203d1985 |0itac50 ba 101 $aita 102 $aIT 105 $a|||| ||||| 200 1 $a*Unix$fBrian W. Kernighan, Rob Pike 205 $a[Rist. riv.$fa cura di Gianluigi Castelli 210 $aBologna$cZanichelli$d1985 215 $aX, 331 p.$d24 cm 454 1$1001SUN0078837$12001 $aˆThe ‰Unix programming environment$935032 606 $a68N25$xTheory of operating systems [MSC 2020]$2MF$3SUNC027702 620 $dBologna$3SUNL000003 700 1$aKernighan$b, Brian W.$3SUNV024291$06059 701 1$aPike$b, Rob$3SUNV024292$042389 712 $aZanichelli$3SUNV004332$4650 801 $aIT$bSOL$c20201026$gRICA 912 $aSUN0029391 950 $aUFFICIO DI BIBLIOTECA DEL DIPARTIMENTO DI MATEMATICA E FISICA$d08PREST 68-XX 2180 $e08 2288 I 20041203 996 $aUnix programming environment$935032 997 $aUNICAMPANIA LEADER 01332nam a2200337 i 4500 001 991000994589707536 005 20020507104901.0 008 970307s1974 ne ||| | eng 020 $a0720402980 035 $ab10158686-39ule_inst 035 $aLE00640336$9ExL 040 $aDip.to Fisica$bita 084 $a53(082.2) 084 $a53.3.1 084 $a53.4.1 084 $a53.4.3 084 $a539.7 084 $aQC793 111 2 $aInternational Conference on high-energy physics and nuclear structure$0462098 245 10$aHigh-energy physics and nuclear structure :$bproceedings of the 5th International Conference held in Uppsala, Sweden, June 18-22, 1973 /$cedited by Gunnar Tibell 260 $aAmsterdam :$bNorth-Holland ; New York : American Elsevier Publ. Co.,$c1974 300 $axvi, 459 p. :$bill. ;$c25 cm. 490 0 $aInternational Conference on high-energy physics and nuclear structure ;$v5 650 4$aNuclear physics$xCongresses 700 1 $aTibell, Gunnar 907 $a.b10158686$b17-02-17$c27-06-02 912 $a991000994589707536 945 $aLE006 53.4 TIB$g1$i2006000063555$lle006$o-$pE0.00$q-$rl$s- $t0$u0$v0$w0$x0$y.i10192554$z27-06-02 996 $aHigh-energy physics and nuclear structure$9187527 997 $aUNISALENTO 998 $ale006$b01-01-97$cm$da $e-$feng$gne $h0$i1 LEADER 02775oam 2200637 c 450 001 9910985890103321 005 20260302090207.0 010 $a9783781561533 010 $a3781561534 024 3 $a9783781561533 035 $a(CKB)37784253200041 035 $a(Verlag Julius Klinkhardt)9783781561533 035 $a(EXLCZ)9937784253200041 100 $a20260302d2025 uy 0 101 0 $ager 135 $aur||||||||||| 181 $ctxt$2rdacontent 182 $cc$2rdamedia 183 $acr$2rdacarrier 200 10$aStellvertretung und Bildungsgerechtigkeit$eGrundlegungen für die Pädagogik bei Verhaltensstörungen$fPascal Schreier 205 $a1st ed. 210 $aBad Heilbrunn$cVerlag Julius Klinkhardt$d2025 215 $a1 online resource (299 p.) 225 0 $aklinkhardt forschung. Dialog Erziehungshilfe 311 08$a9783781526952 311 08$a378152695X 330 $aStellvertretung und Anwaltschaft sind grundlegende Aspekte sonderpädagogischen Handelns. Die Arbeit diskutiert kritisch ihre fachwissenschaftliche Fundierung und weist hier auf die mangelnde theoretische Tragfähigkeit hin. Diese kann hergestellt werden, wenn Stellvertretung in einem ersten Schritt über das erzieherische Verhältnis generell legitimiert und durch die advokatorische Ethik nach Micha Brumlik gerahmt wird. Ein zweiter Schritt erfolgt durch die Hinzunahme der Kategorie der Bildungsgerechtigkeit, wie sie durch Krassimir Stojanov als Anerkennungsgerechtigkeit ausformuliert wurde. Beide Aspekte zusammengenommen ergeben, in einem dritten Schritt, einen weiteren Baustein sonderpädagogischer Ethik. Durch die enge Passung zu Fragen der Erziehung und Bildung unter erschwerten Bedingungen lassen sich abschließend zahlreiche Implikationen für die Pädagogik bei Verhaltensstörungen ableiten. 606 $aSonderpädagogik 606 $aInklusion 606 $aBildungsgerechtigkeit 606 $aTeilhabe 606 $aAnwaltschaft 606 $aAnerkennung 606 $aPädagogik bei Verhaltensstörungen 606 $aErziehung 606 $aKrassimir Stojanov 606 $aMicha Brumlik 606 $aadvocacy 615 4$aSonderpädagogik 615 4$aInklusion 615 4$aBildungsgerechtigkeit 615 4$aTeilhabe 615 4$aAnwaltschaft 615 4$aAnerkennung 615 4$aPädagogik bei Verhaltensstörungen 615 4$aErziehung 615 4$aKrassimir Stojanov 615 4$aMicha Brumlik 615 4$aadvocacy 700 $aSchreier$b Pascal$4aut$01790522 801 0$bVerlag Julius Klinkhardt 801 1$bVerlag Julius Klinkhardt 906 $aBOOK 912 $a9910985890103321 996 $aStellvertretung und Bildungsgerechtigkeit$94327216 997 $aUNINA